000 01661nam a2200337 i 4500
001 768714001
003 CO-MdFUSB
005 20250717160637.0
007 ta
008 250716t2023 -us |||| |||| 00| 0 spa d
020 _a9781962296120
040 _aCO-MdFUSB
_bspa
_cCO-MdFUSB
_dCO-MdFUSBC
_erda
041 _aspa
_heng
082 _223
_a227.8707
_bD457
100 1 _aDeSilva, David Arthur
_eautor
240 1 _aPerseverance in gratitude : a socio-rhetorical commentary
245 _aHebreos :
_bun comentario socio-retórico
_c/ David deSilva ; traducido por Carolina de Angulo
264 1 _bPublicaciones Kerigma,
_aSalem, Oregón, Estados Unidos :
_c[2023]
264 4 _c©2023
300 _a479 páginas
_c; 23 cm
336 _2rdacontent
_atexto
_btxt
337 _2rdamedia
_asin mediación
_bn
338 _2rdacarrier
_avolumen
_bnc
505 _aRespondiendo a la Palabra de Dios y a su obra en el Hijo: 1:1-2:18. -- La inconveniencia de la desconfianza: 3:1-4:13. -- Jesús, nuestro garante del favor de Dios: 4:14-5:10. -- Honrar a Dios exige perseverancia. 5:11-6:20. -- Jesús, el mediador mejor calificado del favor de Dios: 7:1-8:13. -- La eliminación definitiva de la contaminación del pecado: 9:1-10:18. -- Acérquense a Dios y los unos a los otros: 10:19-39. -- Orientación de la fe en el mundo: 11:1-12:3. -- En formación para el reino: 12:4-29. -- Vivir en gratitud a Dios: 13:1-25.
563 _aRústico
630 0 7 _aBiblia.
_pHebreos
_xCrítica, interpretación, etc.
653 _aHebreos. Crítica socio retórica.
700 _aAngulo, Carolina de,
_911226
_etraductor
942 _cREF
945 _aJTF-925
999 _c71398
_d71398